Malaysia standards catalogue 1998..
| Format: | Book |
|---|---|
| Published: |
Shah Alam:
Department of Standards Malaysia,
1998.
|
| Subjects: |
| LEADER | 00452cam a2200157 7i4500 | ||
|---|---|---|---|
| 001 | 0000006717 | ||
| 005 | 19991025090000.0 | ||
| 002 | ##000008425 | ||
| 020 | 0 | 0 | |a T000006362 |
| 090 | 0 | 0 | |a M 658.562 |b MAL |
| 245 | 0 | 0 | |a Malaysia standards catalogue 1998.. |
| 260 | 0 | 0 | |a Shah Alam: |b Department of Standards Malaysia, |c 1998. |
| 300 | 0 | 0 | |a 392 p.. |
| 650 | 0 | 0 | |a Standards -- |z Malaysia. |
| 651 | 0 | 0 | |a Malaysia. |
| 999 | |a 0000009879 |b Book |c Open shelf |e Business Information Centre | ||